[Event "EU Championship 4th"]
[Site "Liverpool"]
[Date "2008.09.10"]
[Round "2.31"]
[White "Doran, Chris"]
[Black "Gormally, Daniel W"]
[Result "0-1"]
[WhiteElo "2075"]
[BlackElo "2504"]
[PlyCount "157"]
[EventDate "2008.09.09"]

1. e4 c5 2. Nf3 d6 3. d4 cxd4 4. Nxd4 Nf6 5. Nc3 a6 6. Bg5 e6 7. f4 Qc7 8. Bxf6
gxf6 9. Qd2 Nc6 10. O-O-O Bd7 11. Kb1 O-O-O 12. Bc4 Be7 13. Bb3 Kb8 14. Rhf1
Nxd4 15. Qxd4 Qc5 16. Qd3 Bc6 17. f5 Qe5 18. Qh3 Bd7 19. Qf3 h5 20. g3 h4 21.
Nd5 Bf8 22. fxe6 fxe6 23. Qxf6 Bg7 24. Qxe5 Bxe5 25. Nf4 hxg3 26. hxg3 Rh6 27.
g4 Rg8 28. Nd3 Bg3 29. e5 dxe5 30. Nxe5 Bb5 31. Nd7+ Ka7 32. c4 Bc6 33. Nf6
Rgg6 34. Rg1 Bf2 35. g5 {(=)} Rh2 36. Bc2 Rg7 37. Rgf1 Rxg5 38. Ne4 Bxe4 39.
Bxe4 Rg4 40. Rh1 Rxh1 41. Bxh1 Bd4 42. b3 e5 43. Kc2 Rh4 44. Bd5 b5 45. cxb5
axb5 46. a4 Kb6 47. axb5 Kxb5 48. Bc4+ Kc5 49. Re1 e4 50. Re2 Be5 51. Rd2 Bd4
52. Re2 Kd6 53. Kd2 Ke5 54. Bd3 e3+ 55. Kc2 Rh1 56. b4 Bb6 57. Kb3 Kd4 58. Bb5
Rh3 59. Bc4 Ke4 60. Kc2 Rh8 61. Rg2 Bc7 62. b5 Be5 63. Kb3 Rh1 64. Kc2 Rh6 65.
Kb3 Bf4 66. Kb4 Bd6+ 67. Kb3 Bc5 68. Kc2 Rh8 69. Kb3 Ra8 70. Ra2 Rc8 71. Rg2
Bd6 72. Rc2 Kd4 73. Be2 Ra8 74. Ra2 Rf8 75. Rc2 Be5 76. Rc4+ Kd5 77. Rc2 Rf4
78. Rc4 Rf6 79. Bf3+ 0-1

[Event "EU Championship 4th"]
[Site "Liverpool"]
[Date "2008.09.10"]
[Round "2.33"]
[White "Wood, Michael"]
[Black "Williams, Simon K"]
[Result "0-1"]
[WhiteElo "1815"]
[BlackElo "2496"]
[PlyCount "26"]
[EventDate "2008.09.09"]

1. e4 e6 2. c3 d5 3. exd5 exd5 4. d4 Nf6 5. Nf3 Be7 6. h3 O-O 7. Be3 Bf5 8. Bd3
Ne4 9. O-O Nd7 10. Qc2 Bg6 11. Nbd2 f5 12. Nb3 Bd6 13. Bg5 Nxg5 0-1

[Event "EU Championship 4th"]
[Site "Liverpool"]
[Date "2008.09.10"]
[Round "2.37"]
[White "Taylor, Edward H"]
[Black "Turner, John M"]
[Result "1/2-1/2"]
[WhiteElo "2067"]
[BlackElo "2065"]
[PlyCount "65"]
[EventDate "2008.09.09"]

1. d4 d5 2. Bg5 h6 3. Bh4 c6 4. Nf3 Qb6 5. b3 Bf5 6. e3 Nd7 7. Nbd2 e6 8. a3
Be7 9. Bxe7 Nxe7 10. c4 Qc7 11. Be2 O-O 12. O-O Rfe8 13. b4 e5 14. Nxe5 Nxe5
15. dxe5 Qxe5 16. Qb3 Be6 17. Nf3 dxc4 18. Bxc4 Bxc4 19. Qxc4 Qd5 20. Qc2 Rad8
21. Rfd1 Qh5 22. Qe4 Ng6 23. Qc2 Ne7 24. Rd4 Rxd4 25. Nxd4 Qd5 26. Rc1 a5 27.
bxa5 Qxa5 28. Qb2 Ra8 29. Qxb7 Qxa3 30. Rb1 Qa7 31. h3 Qxb7 32. Rxb7 Kf8 33.
Rc7 1/2-1/2

[Event "EU Championship 4th"]
[Site "Liverpool"]
[Date "2008.09.10"]
[Round "2.52"]
[White "Constantinou, Peter"]
[Black "Stancak, Andrej"]
[Result "1-0"]
[WhiteElo "2225"]
[BlackElo "2000"]
[PlyCount "105"]
[EventDate "2008.09.09"]

1. d4 Nf6 2. Bg5 e6 3. Nd2 d5 4. e3 c5 5. c3 Be7 6. Bd3 O-O 7. Ngf3 b6 8. Ne5
Bb7 9. Qf3 Nbd7 10. Qh3 Nxe5 11. dxe5 Ne4 12. Bf4 g6 13. Nf3 Ng5 14. Bxg5 Bxg5
15. Qg3 Be7 16. h4 Kg7 17. h5 Rg8 18. O-O-O Bc6 19. Qf4 g5 20. h6+ Kf8 21. Qg4
Rh8 22. Rh5 Ke8 23. Nxg5 Bxg5 24. Rxg5 Kd7 25. Rg7 Qe7 26. Bxh7 Raf8 27. Rh1
Kc7 28. Qh4 Qd7 29. Rd1 b5 30. Qf6 Kb6 31. Bg8 Rhxg8 32. Rxg8 Rxg8 33. h7 Qd8
34. hxg8=Q Qxg8 35. g3 Qh7 36. Qf4 a5 37. a3 b4 38. cxb4 Ba4 39. bxc5+ Kb5 40.
b3 Bxb3 41. Rd2 Qh1+ 42. Kb2 Qe1 43. e4 Bc4 44. exd5 exd5 45. Qe3 Qxe3 46. fxe3
Kxc5 47. Rd4 a4 48. Rf4 Bb3 49. Rxf7 d4 50. exd4+ Kxd4 51. Rb7 Kxe5 52. Rxb3
axb3 53. Kxb3 1-0

[Event "EU Championship 4th"]
[Site "Liverpool"]
[Date "2008.09.10"]
[Round "2.54"]
[White "Potter, Steven"]
[Black "Limontaite, Simona"]
[Result "0-1"]
[WhiteElo "1940"]
[BlackElo "2200"]
[PlyCount "80"]
[EventDate "2008.09.09"]

1. d4 Nf6 2. Bg5 e6 3. e3 h6 4. Bh4 b6 5. Nd2 Bb7 6. Ngf3 Be7 7. Bd3 c5 8. c3
d6 9. Bxf6 Bxf6 10. Qe2 O-O 11. O-O Nc6 12. Ne4 Be7 13. Ng3 Rc8 14. Rac1 Rc7
15. e4 cxd4 16. cxd4 Nb4 17. Bb5 a6 18. Rxc7 Qxc7 19. Bc4 Rc8 20. Bb3 a5 21.
Qd2 d5 22. e5 Ba6 23. Ne2 Qd7 24. Rc1 Bxe2 25. Rxc8+ Qxc8 26. Qxe2 Qc1+ 27. Qf1
Qxb2 28. h4 Nxa2 29. Bxa2 Qxa2 30. Qb5 Qc4 31. Qxb6 a4 32. g4 a3 33. Qb8+ Bf8
34. Qa8 a2 35. Kg2 Qc2 36. g5 Qb2 37. g6 a1=Q 38. gxf7+ Kxf7 39. Qc8 Qaa2 40.
Qd7+ Be7 0-1

[Event "EU Championship 4th"]
[Site "Liverpool"]
[Date "2008.09.10"]
[Round "2.56"]
[White "Groves, David"]
[Black "Redmond, John P"]
[Result "0-1"]
[WhiteElo "1905"]
[BlackElo "2188"]
[PlyCount "42"]
[EventDate "2008.09.09"]

1. e4 e6 2. d4 d5 3. exd5 exd5 4. Bd3 Nc6 5. c3 Bd6 6. Ne2 Nge7 7. Qc2 Bg4 8.
O-O Qd7 9. Re1 O-O-O 10. b4 Ng6 11. Bb5 Rde8 12. f3 Bxf3 13. Rf1 Be4 14. Qa4
Qg4 15. Rf2 Nh4 16. Bxc6 bxc6 17. h3 Qg6 18. Nf4 Qg3 19. Qxc6 Nf3+ 20. Kf1 Qh2
21. gxf3 Bd3+ 0-1

[Event "EU Championship 4th"]
[Site "Liverpool"]
[Date "2008.09.10"]
[Round "2.61"]
[White "Yeo, Michael J"]
[Black "Cross, Ian K"]
[Result "1-0"]
[WhiteElo "2110"]
[BlackElo "1860"]
[PlyCount "85"]
[EventDate "2008.09.09"]

1. e4 e6 2. d4 d5 3. Nc3 Nf6 4. Bg5 Be7 5. e5 Nfd7 6. h4 Nc6 7. Nf3 b6 8. Qd2
Bb7 9. O-O-O Bxg5 10. hxg5 Qe7 11. Bd3 Nf8 12. a3 O-O-O 13. Qe2 Ng6 14. g3 h6
15. gxh6 Rxh6 16. Rxh6 gxh6 17. Rh1 Rh8 18. Rh5 f5 19. Nxd5 Qd8 20. Ne3 Nxd4
21. Nxd4 Qxd4 22. Nxf5 Qd7 23. f4 Kb8 24. Nxh6 Qg7 25. Qg4 Rxh6 26. Rxh6 Qxh6
27. Qxg6 Qh1+ 28. Kd2 Qg2+ 29. Kc3 Qc6+ 30. Kb3 a5 31. Ka2 Qc5 32. b3 Ka7 33.
Qxe6 Bd5 34. Qd7 Qd4 35. Qxc7+ Ka8 36. Qc8+ Ka7 37. Qa6+ Kb8 38. Qb5 a4 39. e6
axb3+ 40. cxb3 Qf2+ 41. Be2 Qd4 42. Qd3 Qc5 43. f5 1-0

[Event "EU Championship 4th"]
[Site "Liverpool"]
[Date "2008.09.10"]
[Round "2.63"]
[White "Phillips, Owen S"]
[Black "Peacock, Malcolm R"]
[Result "0-1"]
[WhiteElo "1800"]
[BlackElo "2101"]
[PlyCount "70"]
[EventDate "2008.09.09"]

1. f4 Nf6 2. Nf3 g6 3. g3 Bg7 4. Bg2 d6 5. O-O c5 6. d3 Nc6 7. e4 O-O 8. c3 Bd7
9. h3 Rb8 10. Qe1 b5 11. Be3 b4 12. e5 Nd5 13. c4 Nb6 14. exd6 Bxb2 15. Nbd2
exd6 16. Ne4 Qe7 17. Rb1 Bg7 18. g4 f5 19. gxf5 Rxf5 20. Qd1 a5 21. Re1 Qf8 22.
Qc2 Rc8 23. Ng3 Rf7 24. h4 Nd4 25. Nxd4 Bxd4 26. Bxd4 cxd4 27. Ne2 Qh6 28. Qb2
Qg7 29. a3 Na4 30. Qb3 Nc5 31. Qd1 Re7 32. axb4 axb4 33. Rxb4 Rce8 34. Bd5+ Kh8
35. Qa1 Nxd3 0-1

[Event "EU Championship 4th"]
[Site "Liverpool"]
[Date "2008.09.10"]
[Round "2.64"]
[White "Ellis, Mark"]
[Black "Groves, Barry"]
[Result "1-0"]
[WhiteElo "2100"]
[BlackElo "1810"]
[PlyCount "59"]
[EventDate "2008.09.09"]

1. d4 Nf6 2. c4 g6 3. Nc3 Bg7 4. e4 d6 5. Be2 c5 6. d5 O-O 7. Bg5 h6 8. Bf4 a6
9. a4 Qa5 10. Bd2 Nbd7 11. Nf3 Qd8 12. Qc1 Kh7 13. h4 Rh8 14. Qc2 Kg8 15. Ra3
Nf8 16. Ng1 e6 17. h5 g5 18. f4 gxf4 19. Bxf4 exd5 20. exd5 Qe7 21. Rb3 Bg4 22.
Rb6 Rd8 23. Kf1 Bc8 24. Qd3 N6d7 25. Rb3 Ne5 26. Qg3 Bf5 27. Nf3 Bc2 28. Rb6
Qc7 29. Rxd6 Nd3 30. Rg6 1-0

[Event "EU Championship 4th"]
[Site "Liverpool"]
[Date "2008.09.10"]
[Round "2.65"]
[White "Bentley, Emma J"]
[Black "Di Michele, Rocco"]
[Result "0-1"]
[WhiteElo "1740"]
[BlackElo "2096"]
[PlyCount "118"]
[EventDate "2008.09.09"]

1. e4 c6 2. Nc3 d5 3. exd5 cxd5 4. d4 Nf6 5. Nf3 Bg4 6. Be2 e6 7. a3 Bd6 8. Bg5
Nbd7 9. Qd2 O-O 10. h3 Bh5 11. O-O a6 12. Rfe1 Qc7 13. Kh1 Rfc8 14. Rac1 b5 15.
Na2 Ne4 16. Qe3 f6 17. Bh4 Bf4 18. Qd3 Bxc1 19. Rxc1 Qf4 20. Qe3 Qxe3 21. fxe3
Nb6 22. b3 Ra7 23. Ng1 Be8 24. Bf3 a5 25. Ne2 Nd2 26. Nf4 Nxf3 27. gxf3 g5 28.
Bxg5 fxg5 29. Nxe6 Re7 30. Nxg5 Rxe3 31. f4 h6 32. c3 hxg5 33. Rg1 Re2 34.
Rxg5+ Kh8 35. Rg2 Rxg2 36. Kxg2 b4 37. axb4 axb4 38. Nxb4 Rxc3 39. Na6 Rxb3 40.
Nc5 Rb4 41. Kf2 Rxd4 42. Ke3 Rc4 43. Ne6 Re4+ 44. Kd3 Rxe6 45. f5 Rh6 46. Kd4
Rxh3 47. f6 Rh4+ 48. Ke3 Nc4+ 49. Kd3 Bg6+ 50. Ke2 d4 51. f7 Bxf7 52. Kd1 Rh2
53. Kc1 d3 54. Kd1 d2 55. Kc2 Ne3+ 56. Kc3 d1=Q 57. Kb4 Rc2 58. Ka3 Qb1 59. Ka4
Ra2# 0-1

[Event "EU Championship 4th"]
[Site "Liverpool"]
[Date "2008.09.10"]
[Round "2.66"]
[White "Owen, Dennis"]
[Black "Burge, Stephen"]
[Result "1-0"]
[WhiteElo "2095"]
[BlackElo "1745"]
[PlyCount "91"]
[EventDate "2008.09.09"]

1. e4 e6 2. d4 d5 3. Nd2 dxe4 4. Nxe4 Bd7 5. Nf3 Bc6 6. Bd3 Nd7 7. O-O Ngf6 8.
Ng3 Be7 9. Re1 h6 10. Qe2 O-O 11. Bd2 Bd6 12. Ne5 Be7 13. Nxc6 bxc6 14. c4 Nb6
15. Be3 Re8 16. Rad1 Kh8 17. Bb1 Rb8 18. Qc2 Rg8 19. Nh5 g6 20. Nxf6 Bxf6 21.
Bxh6 Bg5 22. Bxg5 Qxg5 23. Re5 Qf6 24. b3 Kg7 25. Rd3 Rh8 26. h3 Rh4 27. Rf3
Qe7 28. Re4 Rbh8 29. Rxh4 Rxh4 30. Qc3 Kg8 31. Rd3 Qg5 32. Qd2 Qxd2 33. Rxd2 a5
34. Kh2 f5 35. g3 Rh7 36. Kg2 Rd7 37. Rd3 Kf7 38. h4 Kf6 39. Kf3 Rh7 40. Bc2 g5
41. hxg5+ Kxg5 42. Bd1 Re7 43. Ke3 e5 44. dxe5 Rxe5+ 45. Kd2 a4 46. f4+ 1-0

[Event "EU Championship 4th"]
[Site "Liverpool"]
[Date "2008.09.10"]
[Round "2.68"]
[White "Robertson, David J"]
[Black "Soikkeli, Raino"]
[Result "1-0"]
[WhiteElo "2085"]
[BlackElo "1738"]
[PlyCount "77"]
[EventDate "2008.09.09"]

1. c4 b6 2. Nc3 Bb7 3. e4 e6 4. Nf3 Bb4 5. Qc2 Ne7 6. d4 O-O 7. Bd3 Bxc3+ 8.
bxc3 h6 9. O-O f5 10. Nd2 Qe8 11. Ba3 d6 12. Rae1 c5 13. f4 Na6 14. d5 exd5 15.
exf5 Qd7 16. g4 dxc4 17. Nxc4 Rad8 18. Qe2 Nd5 19. Qe6+ Kh8 20. Bc1 Nac7 21.
Qg6 Qf7 22. Bd2 Ne7 23. Qxf7 Rxf7 24. g5 Ng8 25. h4 Bd5 26. Ne3 Bc6 27. f6 gxf6
28. g6 Rg7 29. h5 Bb5 30. c4 Bd7 31. Kh2 f5 32. Bc3 Rf8 33. Rd1 Re8 34. Rfe1
Ne7 35. Bc2 d5 36. Nxd5 Nexd5 37. cxd5 Kg8 38. Bxg7 Kxg7 39. d6 1-0

[Event "EU Championship 4th"]
[Site "Liverpool"]
[Date "2008.09.10"]
[Round "2.69"]
[White "McCarthy, Jim"]
[Black "Parul, Amlani"]
[Result "1-0"]
[WhiteElo "2084"]
[BlackElo "1500"]
[PlyCount "53"]
[EventDate "2008.09.09"]

1. Nf3 d5 2. c4 Nf6 3. cxd5 Nxd5 4. d4 Bf5 5. Nbd2 Ne3 6. fxe3 e6 7. g3 Nc6 8.
Bg2 Qd5 9. a3 b5 10. e4 Bxe4 11. Nxe4 Qxe4 12. Nh4 Qxg2 13. Nxg2 Be7 14. O-O
Rd8 15. e3 O-O 16. Nh4 Rd5 17. Qc2 Bxh4 18. gxh4 Ne7 19. Bd2 Nf5 20. Qxc7 h5
21. e4 Rxd4 22. exf5 Rxd2 23. fxe6 f6 24. Rad1 Rxb2 25. Rd7 Re2 26. Rxg7+ Kh8
27. Rh7+ 1-0

[Event "EU Championship 4th"]
[Site "Liverpool"]
[Date "2008.09.10"]
[Round "2.70"]
[White "Benson, Nicola"]
[Black "De Coverly, Roger D"]
[Result "0-1"]
[WhiteElo "1520"]
[BlackElo "2082"]
[PlyCount "32"]
[EventDate "2008.09.09"]

1. d4 Nf6 2. Nf3 g6 3. Bg5 Bg7 4. Nbd2 c5 5. c3 d5 6. g3 O-O 7. Bg2 cxd4 8.
cxd4 Nc6 9. Nb3 h6 10. Bxf6 Bxf6 11. Qd2 Bg7 12. O-O a5 13. a4 Qb6 14. Nc5 Nxd4
15. Nd3 Nb3 16. Qc1 Nxc1 0-1